Дело со сведениями о состоянии зданий женских гимназий и прогимназий Министерства народного просвещения

Доступно только в Электронных читальных залах Найти на картеНа карте
RUSMARC
00003608nmc2a22002413x 450
001a16745d2-b00e-480d-a3dd-4dfc9bf31547
00520230706222507.0
100##$a20221117l19111911k l0rusy0189 ca
1010#$arus
102##$aRU
105##$ay###
1222#$ad
2001#$aДело со сведениями о состоянии зданий женских гимназий и прогимназий Министерства народного просвещения
$j1911 г.
215##$a91 л.
$d36,5х26 см
251##$cДело
300##$aДело
371##$aДокумент не является опубликованным и широко распространяемым
461#0$1001a74412a3-3cc5-4d21-8f0a-dfe2fbd9e72d
$12001
$aДепартамент народного просвещения Министерства народного просвещения (1803-1917)
$1251
$cФонд
$1852
$j733
462#0$10011f0cb2f1-76eb-4d8e-bfe9-8edba0f209bd
$12001
$aСтроительный комитет: о постройке зданий учебных заведений
$1251
$cОпись
$1852
$j223
801#0$aRU
$bРГИА
$c20221117
$gRCR
801#1$aRU
$bГлавНИВЦ
$c20221117
$2rusmarc
801#2$aRU
$bПБ им. Б.Н. Ельцина
$c20230706
$gRCR
$2rusmarc
850##$aРГИА
852##$aРГИА
$eФедеральное казенное учреждение "Российский государственный исторический архив" (РГИА)
$j180
937##$hРГИА
$d12394847
$aASBIBLIO_SCAN
035##$aRusGRCC00056774
856##$uhttp://readingroom.main.prlib.ru/item.aspx?id_node=n186221823&mode=full
Формат отображения